লোডিং...

Santhiparvam

গ্রন্থ-পঞ্জীর বিবরন
প্রধান লেখক: Padman Narath
বিন্যাস: Printed Book
ভাষা:English
প্রকাশিত: Kannur Samayam publications 2012
বিষয়গুলি:
LEADER 00507 a2200157 4500
005 20151026133208.0
008 130430b xxu||||| |||| 00| 0 eng d
080 |a FM  |b PAD/S 
100 |a Padman Narath 
245 |a Santhiparvam 
260 |b Samayam publications  |c 2012  |a Kannur 
300 |a 191p. 
653 |a Fiction - Malayalam Literature 
942 |c BK  |6 _ 
999 |c 65030  |d 65030 
952 |0 0  |1 0  |2 udc  |4 0  |6 FM_PADS  |7 0  |9 77388  |a UL  |b UL  |d 2013-03-06  |g 0.00  |l 5  |o FM PAD/S  |p 00069667  |r 2015-03-29  |s 2015-03-29  |v 0.00  |w 2013-03-06  |y BK